Vista normal Vista MARC

Entrada Personal Name

Número de registros utilizados en: 2

001 - CONTROL NUMBER

  • control field: 40291

003 - CONTROL NUMBER IDENTIFIER

  • control field: OSt

005 - DATE AND TIME OF LATEST TRANSACTION

  • control field: 20230915232135.0

008 - FIXED-LENGTH DATA ELEMENTS

  • fixed length control field: 230915|| aca||aabn | a|a d

040 ## - CATALOGING SOURCE

  • Original cataloging agency: OSt
  • Transcribing agency: OSt

100 ## - HEADING--PERSONAL NAME

  • Personal name: ARENAS BETANCOURT, RODRIGO, 1919 - 1995 / GALAN SARMIENTO, LUIS CARLOS, 1943 - 1989 / GARCIA MARQUEZ, GABRIEL, 1928 - / MORALES LOPEZ, JOSE A., 1914 - 1978 / PADILLA, JOSE PRUDENCIO, 1788 - 1828

670 ## - SOURCE DATA FOUND

  • Source citation: Work cat.: (OSt)23432: Hoyos Gómez, Camilo 40290, Retratos de nuestras gentes / , 2012









Instituto Departamental de Cultura del Meta - Red Departamental de Bibliotecas Públicas del Meta.